[Event "Catalao op 1st"]
[Site "Catalao"]
[Date "2019.02.09"]
[Round "2"]
[White "Da Silva, Marcio Henrique Jac"]
[Black "Passos, Rafael Moreira"]
[Result "1-0"]
[WhiteElo "1800"]
[BlackElo "1788"]
[PlyCount "45"]
[EventDate "2019.02.09"]
[EventType "swiss"]
[EventRounds "5"]
[EventCountry "BRA"]
[SourceTitle "CBM 189 Extra"]
[Source "ChessBase"]
[SourceDate "2019.05.31"]
[SourceVersion "1"]
[SourceVersionDate "2019.05.31"]
[SourceQuality "1"]

1. e4 c5 2. Nc3 Nc6 3. g3 g6 4. Bg2 Bg7 5. d3 d6 6. Nce2 e6 7. c3 Nge7 8. Be3 0-0 9. Qd2 b5 10. Bh6 e5 11. h4 f6 12. Bxg7 Kxg7 13. f4 Qb6 14. h5 Be6 15. hxg6 hxg6 16. f5 Bg8 17. Qh6+ Kf7 18. fxg6+ Nxg6 19. Bf3 Nge7 20. Bh5+ Ke6 21. Bg4+ Kf7 22. Qh5+ Kg7 23. Be6 1-0